000 00768nam a2200205 i 4500
001 93738
003 ES-MaACL
005 20250907063055.0
007 t|
008 050418s1906 ag ||||1| spa d
100 1 _aLópez de Gómara, Justo S.,
_d1859-1923
_973542
245 1 0 _aSavonarola
_b: drama histórico en verso, tres actos y cinco cuadros /
_cJusto S. López de Gómara.
260 _aBuenos Aires :
_b[s.n.],
_c1906 (
_fImpr. Daroquí)
300 _a117 p. ;
_c20 cm.
530 _aDisponible en formato digital.
852 _aES-MaACL
_j1661-F-16
_9 97210
_cDEPOF
_zRevisado enlace: 02 de Abril de 2025
856 _uhttp://bdh-rd.bne.es/viewer.vm?id=0000095735&page=1
_yBiblioteca Digital Hispánica
942 _2udc
999 _c93738
_d93738